000 00631 a2200193 4500
999 _c9184
_d9184
020 _a9781509510276 (hardback)
020 _a9781509510283 (paperback)
050 0 0 _aJC 571 FRE 2017
100 1 _aFreeman, Michael,
_d1936-
_eauthor.
245 1 0 _aHuman rights /
_cMichael Freeman.
250 _aThird edition.
264 1 _aCambridge ;
_aMalden, MA :
_bPolity,
_c2017.
300 _aix, 256 pages ;
500 _aIncludes index
504 _aIncludes bibliographical references and index.
650 0 _aHuman rights.
650 7 _aPOLITICAL SCIENCE / Political Freedom & Security / Human Rights.
942 _2lcc
_cBK
_h571
_iFRE
_kJC